| 000 | 00452nam a22001337a 4500 | ||
|---|---|---|---|
| 008 | 240911b |||||||| |||| 00| 0 eng d | ||
| 040 |
_aNational Science Library _cNational Science Library |
||
| 080 |
_a547.94 _bJ3.1 |
||
| 100 |
_aWoker, Gertrud _913267 |
||
| 245 |
_aDie chemie der naturlichen alkaloide: _bMit besonderer berucksichtigung ihrer biogenese |
||
| 260 |
_aStuttgart: _bFerdinand enke verlag, _c1953 |
||
| 300 | _a448ap. | ||
| 942 |
_2udc _cBK |
||
| 999 |
_c66771 _d66771 |
||